45 meistgesprochene Sprachen (anhand der Gesamtsprecher) - Statistiken

Allgemein
  • Dieses Quiz wurde 6 mal gespielt
  • Das Durchschnittsergebnis liegt bei 5 aus 45
Antwortstatistiken
Rang Gesamtsprecher Sprache % Korrekt
1. 1.453 Mio. Englisch
100%
4. 559 Mio. Spanisch
75%
12. 160 Mio. Deutsch
50%
5. 274 Mio. Französisch
50%
3. 610 Mio. Hindi
50%
6. 274 Mio. Hocharabisch
50%
8. 258 Mio. Russisch
50%
7. 273 Mio. Bengalisch
25%
29. 68 Mio. Italienisch
25%
2. 1.118 Mio. Mandarin-Chinesisch
25%
9. 258 Mio. Portugiesisch
25%
26. 75 Mio. Ägyptisch-Arabisch
0%
44. 40 Mio. Algerisch-Arabisch
0%
34. 58 Mio. Amharisch
0%
35. 53 Mio. Bhojpuri
0%
42. 43 Mio. Burmesisch
0%
24. 77 Mio. Farsi
0%
32. 62 Mio. Gujarati
0%
41. 44 Mio. Hakka
0%
25. 77 Mio. Hausa
0%
11. 199 Mio. Indonesisch
0%
13. 125 Mio. Japanisch
0%
28. 68 Mio. Javanisch
0%
39. 47 Mio. Jin-Chinesisch
0%
31. 62 Mio. Kannada
0%
19. 86 Mio. Kantonesisch
0%
23. 82 Mio. Koreanisch
0%
45. 40 Mio. Lingala
0%
15. 99 Mio. Marathi
0%
38. 50 Mio. Min Nan Chinesisch
0%
14. 121 Mio. Nigerianisches Pidgin
0%
36. 52 Mio. Ostpanjabi
0%
37. 50 Mio. Polnisch
0%
43. 42 Mio. Sudanesisch-Arabisch
0%
27. 71 Mio. Swahili
0%
21. 82 Mio. Tagalog
0%
18. 86 Mio. Tamil
0%
16. 96 Mio. Telugu
0%
33. 61 Mio. Thai
0%
17. 88 Mio. Türkisch
0%
10. 231 Mio. Urdu
0%
20. 86 Mio. Vietnamesisch
0%
30. 66 Mio. Westpanjabi
0%
22. 82 Mio. Wu-Chinesisch
0%
40. 46 Mio. Yoruba
0%
Keine übereinstimmenden Quizze gefunden
Verteilung der Resultate
Anzahl Personen mit jedem Resultat
Perzentil nach korrekt beantworteten Fragen
Ihre Resultats-Entwicklung
Sie haben dieses Quiz noch nicht gespielt